000 00534nam a2200169 4500
001 108410
003 ES-MaACL
005 20230906184635.0
007 t|
008 061121s1942 ag r ||||1| spa d
100 1 _aMondolfo, Rodolfo.
_982147
245 1 3 _aLa filosofía política de Italia en el siglo XIX /
_cRodolfo Mondolfo; traducido del italiano por Alberto Mantica.
260 _aBuenos Aires :
_bImán,
_c1942.
300 _a136 p. ;
_c21 cm.
700 1 _aMantica, Alberto.
_976164
852 _aES-MaACL
_jD-5413
_bR.30658
999 _c108410
_d108410